Female Football Players by Country - Statistics

General Stats
  • This quiz has been taken 141 times
  • The average score is 18 of 24
Answer Stats
Player Country % Correct
Caroline Graham Hansen Norway
95%
Sam Kerr Australia
93%
Lucy Bronze England
93%
Mapi Léon Spain
92%
Katie McCabe Ireland
91%
Rose Lavelle United States
85%
Delphine Cascarino France
82%
Dzsenifer Marozsán Germany
80%
Erin Cuthbert Scotland
80%
Pernille Harder Denmark
77%
Saki Kumagai Japan
77%
Christine Sinclair Canada
76%
Linda Caicedo Colombia
75%
Ewa Pajor Poland
75%
Caroline Seger Sweden
75%
Sun Wen China
72%
Khadija Shaw Jamaica
71%
Asisat Oshoala Nigeria
68%
Sherida Spitse Netherlands
67%
Ana Maria Crnogorčević Switzerland
65%
Marta Brasil
57%
Christiane Endler Chile
53%
Deyna Castellanos Venezuela
38%
Melchie Dumornay Haiti
36%
No matching quizzes found
Score Distribution
Percent of People with Each Score
Percentile by Number Answered
Your Score History
You have not taken this quiz